Integrated whole (Record no. 80597)
[ view plain ]
| 000 -LEADER | |
|---|---|
| fixed length control field | 00888cab a22001815a 4500 |
| 001 - CONTROL NUMBER | |
| control field | L144803 |
| 008 - FIXED-LENGTH DATA ELEMENTS--GENERAL INFORMATION | |
| fixed length control field | 080811e20080809xxka f 000 0 eng d |
| 035 ## - SYSTEM CONTROL NUMBER | |
| System control number | (Sirsi) u144803 |
| 041 0# - LANGUAGE CODE | |
| Language code of text/sound track or separate title | eng |
| 100 1# - MAIN ENTRY--PERSONAL NAME | |
| Personal name | Thompson, Brian |
| 245 00 - TITLE STATEMENT | |
| Title | Integrated whole |
| 260 ## - PUBLICATION, DISTRIBUTION, ETC. | |
| Date of publication, distribution, etc. | 2008 |
| 490 ## - SERIES STATEMENT | |
| Series statement | Estates Gazette |
| Volume/sequential designation | (0831) 9 August 2008, 82-84(3) |
| 520 ## - SUMMARY, ETC. | |
| Summary, etc. | Article looks at the work environment and discusses how it affects both the welfare of staff and business productivity. States that UK Plcs have lost £135 billion per annum due to insufficient productivity and absenteeism resulting from workplace factors. Argues that better guidance is needed on how improved productivity can be secured through sympathetic workplace design and that the property press should pay more attention to the topic. |
| 651 #4 - SUBJECT ADDED ENTRY--GEOGRAPHIC NAME | |
| Geographic name | United Kingdom |
| Chronological subdivision | |
| 690 ## - LOCAL SUBJECT ADDED ENTRY--TOPICAL TERM (OCLC, RLIN) | |
| Topical term or geographic name as entry element | MANAGEMENT-BUSINESS MANAGEMENT |
| 942 ## - ADDED ENTRY ELEMENTS (KOHA) | |
| Suppress in OPAC | 0 |
| Withdrawn status | Lost status | Source of classification or shelving scheme | Damaged status | Not for loan | Home library | Current library | Shelving location | Date acquired | Total Checkouts | Full call number | Barcode | Date last seen | Copy number | Price effective from | Koha item type |
|---|---|---|---|---|---|---|---|---|---|---|---|---|---|---|---|
| Dewey Decimal Classification | London | London | Journal article | 11/08/2008 | L144803 | 144803-1001 | 06/08/2019 | 1 | 06/08/2019 | Journal article |